| 000 | 00953cam a2200301 a 4500 | ||
|---|---|---|---|
| 001 | 3694 | ||
| 003 | FISKH | ||
| 005 | 20240411150628.0 | ||
| 008 | 010426s2002 nyua b 000 1 eng | ||
| 010 | _a 2001032767 | ||
| 020 | _a0439327881 (pbk.) | ||
| 040 |
_aDLC _cDLC _dDLC _beng |
||
| 042 | _alcac | ||
| 050 | 0 | 0 |
_aPZ7.B7633 _bCji 2002 |
| 082 | 0 | 0 |
_a[E] _221 |
| 100 | 1 | _aBridwell, Norman. | |
| 245 | 1 | 0 |
_aClifford goes to dog school / _cNorman Bridwell. |
| 260 |
_aNew York : _bScholastic, _c2002. |
||
| 300 |
_a32 unnumbered pages : _bcolor illustrations ; _c21 cm. |
||
| 520 | _aAuntie, who is a dog trainer, thinks Clifford needs to learn obedience, but to Emily Elizabeth the big red dog is perfect already. | ||
| 521 | 8 |
_a500
_bLexile |
|
| 521 | 8 |
_aJ
_bRaz-Plus |
|
| 650 | 1 |
_aDogs _vFiction. |
|
| 650 | 1 |
_aDogs _xTraining _vFiction. |
|
| 906 |
_a7 _bcbc _corignew _d1 _eocip _f20 _gy-gencatlg |
||
| 942 |
_2ddc _cBK _n0 |
||
| 999 |
_c3694 _d3694 |
||